MARC details
| 000 -LEADER |
| fixed length control field |
02395aam a22005051i 4500 |
| 001 - CONTROL NUMBER |
| control field |
017549223 |
| 003 - CONTROL NUMBER IDENTIFIER |
| control field |
Uk |
| 005 - DATE AND TIME OF LATEST TRANSACTION |
| control field |
20190207102746.0 |
| 006 - FIXED-LENGTH DATA ELEMENTS--ADDITIONAL MATERIAL CHARACTERISTICS--GENERAL INFORMATION |
| fixed length control field |
m || d | |
| 007 - PHYSICAL DESCRIPTION FIXED FIELD--GENERAL INFORMATION |
| fixed length control field |
cr ||||||||||| |
| 008 - FIXED-LENGTH DATA ELEMENTS--GENERAL INFORMATION |
| fixed length control field |
091027s2010 maua ob 001 0 eng d |
| 015 ## - |
| -- |
GBB6H2249 |
| -- |
bnb |
| 020 ## - INTERNATIONAL STANDARD BOOK NUMBER |
| International Standard Book Number |
9780080890395 |
| 020 ## - INTERNATIONAL STANDARD BOOK NUMBER |
| International Standard Book Number |
0080890393 |
| 020 ## - INTERNATIONAL STANDARD BOOK NUMBER |
| Cancelled/invalid ISBN |
9780123748577 |
| 020 ## - INTERNATIONAL STANDARD BOOK NUMBER |
| Cancelled/invalid ISBN |
0123748577 |
| 040 ## - CATALOGING SOURCE |
| Original cataloging agency |
OPELS |
| Language of cataloging |
eng |
| Transcribing agency |
OPELS |
| Modifying agency |
OPELS |
| -- |
NOC |
| -- |
N$T |
| -- |
OCLCQ |
| -- |
YDXCP |
| -- |
EBLCP |
| -- |
IDEBK |
| -- |
OCLCQ |
| -- |
OCLCO |
| -- |
OCLCQ |
| -- |
IUL |
| -- |
DKDLA |
| -- |
UMI |
| -- |
DEBSZ |
| -- |
OCLCQ |
| -- |
E7B |
| -- |
OCLCQ |
| -- |
COO |
| -- |
Uk |
| -- |
EG-ScBUE |
| Description conventions |
pn |
| 050 #4 - LIBRARY OF CONGRESS CALL NUMBER |
| Classification number |
ZA4080 |
| Item number |
.W58 2010eb |
| 082 04 - DEWEY DECIMAL CLASSIFICATION NUMBER |
| Classification number |
025.00285 |
| Edition number |
22 |
| Item number |
WIT. |
| 100 1# - MAIN ENTRY--PERSONAL NAME |
| Personal name |
Witten, I. H. |
| Fuller form of name |
(Ian H.) |
| 245 10 - TITLE STATEMENT |
| Title |
How to build a digital library / |
| Statement of responsibility, etc |
Ian H. Witten, David Bainbridge, and David M. Nichols. |
| 250 ## - EDITION STATEMENT |
| Edition statement |
2nd edition. |
| 264 ## - PUBLICATION, DISTRIBUTION, ETC. (IMPRINT) |
| Place of publication, distribution, etc |
Burlington, MA: |
| Name of publisher, distributor, etc |
Morgan Kaufmann Publishers, |
| Date of publication, distribution, etc |
2010. |
| 300 ## - PHYSICAL DESCRIPTION |
| Extent |
1 online resource (xxiii, 629 pages) : |
| Other physical details |
illustrations. |
| 336 ## - CONTENT TYPE |
| Content type term |
text |
| Source |
rdacontent |
| 337 ## - MEDIA TYPE |
| Media type term |
computer |
| Source |
rdamedia |
| 338 ## - CARRIER TYPE |
| Carrier type term |
online resource |
| Source |
rdacarrier |
| 490 1# - SERIES STATEMENT |
| Series statement |
The Morgan Kaufmann series in multimedia information and systems |
| 504 ## - BIBLIOGRAPHY, ETC. NOTE |
| Bibliography, etc |
Includes bibliographical references and index. |
| 505 0# - FORMATTED CONTENTS NOTE |
| Formatted contents note |
Orientation: the world of digital libraries -- People in digital libraries -- Presentation: user interfaces -- Textual documents: the raw material -- Multimedia: more raw material -- Metadata: elements of organization -- Interoperability: protocols and services -- Internationalization: the global challenge -- Visions: future, past, and present -- Building collections -- Operating and interoperating -- Design patterns for advanced user interfaces. |
| 630 00 - SUBJECT ADDED ENTRY--UNIFORM TITLE |
| Uniform title |
Greenstone digital library software. |
| 630 07 - SUBJECT ADDED ENTRY--UNIFORM TITLE |
| Uniform title |
Greenstone digital library software. |
| Source of heading or term |
blmlsh |
| 650 #7 - SUBJECT ADDED ENTRY--TOPICAL TERM |
| Topical term or geographic name as entry element |
Digital libraries. |
| Source of heading or term |
BUEsh |
| 650 #7 - SUBJECT ADDED ENTRY--TOPICAL TERM |
| Topical term or geographic name as entry element |
Digital libraries |
| General subdivision |
Collection development |
| -- |
Computer programs. |
| Source of heading or term |
BUEsh |
| 650 #7 - SUBJECT ADDED ENTRY--TOPICAL TERM |
| Topical term or geographic name as entry element |
Digital libraries. |
| Source of heading or term |
BUEsh |
| 650 #7 - SUBJECT ADDED ENTRY--TOPICAL TERM |
| Topical term or geographic name as entry element |
Digital libraries |
| General subdivision |
Collection development |
| -- |
Computer programs. |
| Source of heading or term |
BUEsh |
| 650 #7 - SUBJECT ADDED ENTRY--TOPICAL TERM |
| Topical term or geographic name as entry element |
LANGUAGE ARTS & DISCIPLINES |
| General subdivision |
Library & Information Science |
| -- |
General. |
| Source of heading or term |
bisacsh |
| 653 ## - INDEX TERM--UNCONTROLLED |
| Arrived date list |
February2019 |
| 655 #4 - INDEX TERM--GENRE/FORM |
| Genre/form data or focus term |
Electronic books. |
| 655 #7 - INDEX TERM--GENRE/FORM |
| Genre/form data or focus term |
Electronic books. |
| Source of term |
local |
| 700 1# - ADDED ENTRY--PERSONAL NAME |
| Personal name |
Bainbridge, David, |
| Dates associated with a name |
1969- |
| 700 1# - ADDED ENTRY--PERSONAL NAME |
| Personal name |
Nichols, David M. |
| 830 #0 - |
| -- |
Morgan Kaufmann series in multimedia information and systems. |
| 942 ## - ADDED ENTRY ELEMENTS (KOHA) |
| Source of classification or shelving scheme |
Dewey Decimal Classification |
| Koha item type |
Book - Borrowing |